00330 2200145 4500001002100000005001500021035002000036245003800056100001300094300001200107260003100119082000800150084001400158990001200172INLIS00000000000192620250521021657 a0010-05250002181 aRanjau - Ranjau Cinta /cMarga T.0 aMarga T. a173 hlm aJakarta :bGramedia,c2004 a813 a813 MAR r a0713445